Refranes y dichos #4 - Estadísticas

Estadísticas generales
  • Esta prueba ha sido intentada 580 veces
  • La puntuación promedio es 13 de 20
Estadísticas de respuestas
Hint Respuesta % Correcto
dónde hubo fuego, siempre quedan... cenizas
94%
más vale pájaro en mano... que ciento volando
89%
en abril... aguas mil
88%
año nuevo, ... vida nueva
87%
todo mi gozo en un... pozo
84%
cada uno en su casa y Dios... en la de todos
81%
el burro delante para que no se... espante
80%
no dejes para mañana... lo que puedas hacer hoy
80%
el saber no ocupa... lugar
77%
quien tiene un amigo, tiene un... tesoro
77%
cada mochuelo a su... olivo
73%
a cada cerdo le llega su... San Martín
68%
el que algo quiere... algo le cuesta
63%
desgraciado en el juego... afortunado en el amor
59%
cuando marzo mayea... mayo marcea
55%
ande yo caliente... ríase la gente
54%
unos por otros y la casa sin... barrer
48%
nunca llueve... a gusto de todos
40%
la ropa sucia se lava... en casa
31%
haz el bien... sin mirar a quién
23%
No se encontraron pruebas coincidentes
Distribución de puntuación
Porcentaje de gente con cada puntuación
Porcentaje por número respondido
Historial de tus puntuaciones
No has intentado esta prueba.